[Event "Recife Cacoal op"]
[Site "Recife"]
[Date "2024.06.02"]
[Round "6"]
[White "Trombaco, Daniel Adami"]
[Black "Pego, Ana Vitoria Anaclet"]
[Result "1-0"]
[WhiteElo "1800"]
[BlackElo "1757"]
[PlyCount "49"]
[EventDate "2024.05.31"]
[EventType "swiss"]
[EventRounds "6"]
[EventCountry "BRA"]
[SourceTitle "CB24_2024"]
[SourceDate "2024.06.12"]
[SourceVersion "1"]
[SourceVersionDate "2024.06.12"]
[SourceQuality "1"]

1. d4 f5 2. c4 e6 3. Nc3 Nf6 4. Bf4 Nc6 5. Nf3 b6 6. g3 Bb7 7. Bg2 Be7 8. Qd2 d5 9. b3 Bb4 10. Be5 Bxc3 11. Qxc3 dxc4 12. Bxf6 gxf6 13. 0-0 Qd7 14. Rad1 0-0-0 15. bxc4 Rde8 16. Nh4 Qe7 17. d5 exd5 18. cxd5 Nb4 19. Nxf5 Qxe2 20. Qxb4 Qxa2 21. Ne7+ Kb8 22. d6 cxd6 23. Nc6+ Bxc6 24. Bxc6 Re2 25. Rxd6 1-0

[Event "Recife Cacoal op"]
[Site "Recife"]
[Date "2024.05.31"]
[Round "1"]
[White "Araujo, Everson de Moura"]
[Black "Trombaco, Daniel Adami"]
[Result "1-0"]
[WhiteElo "1935"]
[BlackElo "1800"]
[PlyCount "37"]
[EventDate "2024.05.31"]
[EventType "swiss"]
[EventRounds "6"]
[EventCountry "BRA"]
[SourceTitle "CB24_2024"]
[SourceDate "2024.06.12"]
[SourceVersion "1"]
[SourceVersionDate "2024.06.12"]
[SourceQuality "1"]

1. d4 d5 2. Nc3 Nf6 3. Bf4 g6 4. f3 Bg7 5. Qd2 Nc6 6. 0-0-0 0-0 7. g4 a6 8. Bh6 e6 9. h4 Qd6 10. h5 e5 11. hxg6 Kh8 12. Bxg7+ Kxg7 13. Qh6+ Kg8 14. dxe5 Nxe5 15. Rxd5 Qe7 16. Rxe5 Qxe5 17. gxh7+ Kh8 18. Qxf8+ Ng8 19. Qxg8# 1-0